| 000 | 00875nam a22002895i 4500 | ||
|---|---|---|---|
| 999 |
_c22226 _d22198 |
||
| 003 | EG-ScBUE | ||
| 005 | 20201103095749.0 | ||
| 008 | 160824t20072007vau f 000 0 eng d | ||
| 020 | _a9781934451526 | ||
| 020 | _a1934451525 | ||
| 040 |
_aEG-ScBUE _beng _erda _cEG-ScBUE _dEG-ScBUE |
||
| 082 | 0 | 4 |
_a811.3 _bWHI _222 |
| 100 | 1 |
_aWhitman, Walt, _d1819-1892, _eauthor. _939303 |
|
| 245 | 1 | 0 |
_aLeaves of grass / _cby Walt Whitman. |
| 250 | _aFirst edition. | ||
| 264 | 1 |
_aRadford, VA. : _bWilder Publications, LLC, _c[2007] |
|
| 264 | 4 | _cc2007 | |
| 300 |
_a378 pages ; _c24 cm |
||
| 336 |
_atext _btxt _2rdacontent |
||
| 337 |
_aunmediated _bn _2rdamedia |
||
| 338 |
_avolume _bnc _2rdacarrier |
||
| 650 | 7 |
_aAmerican poetry _y19th century. _2BUEsh _940858 |
|
| 650 | 7 |
_aWisdom _xPoetry. _2BUEsh _923705 |
|
| 651 | _2BUEsh | ||
| 653 |
_bHHUUEENN _cAugust 2016 |
||
| 942 |
_2ddc _cBB |
||